Anderlecht Players 2022/2023 - Statistics

General Stats
  • This quiz has been taken 111 times
  • The average score is 19 of 29
Answer Stats
Hint Answer % Correct
DF Debast
91%
GK Van Crombrugge
89%
GK Verbruggen
89%
DF Vertonghen
89%
MF Verschaeren
88%
ATT Amuzu
86%
DF Murillo
83%
DF Sardella
83%
MF Ashimeru
80%
DF N'Diaye
76%
MF Arnstad
73%
MF Diawara
71%
ATT Raman
68%
ATT Stroeykens
68%
MF Refaelov
65%
ATT Esposito
64%
ATT Silva
64%
DF Delcroix
61%
DF Hoedt
59%
ATT Stassin
58%
MF Trebel
58%
MF Leoni
56%
DF Kana
55%
DF Sadiki
48%
ATT Duranville
47%
DF Lissens
45%
MF Ait El Hadj
39%
GK Vercauteren
39%
MF Abdulrazak
35%
No matching quizzes found
Score Distribution
Percent of People with Each Score
Percentile by Number Answered
Your Score History
You have not taken this quiz